Ágyassági viszony - turpis causa

Elmentve itt :
Bibliográfiai részletek
Szerző: Szigeti László
Dokumentumtípus: Cikk
Megjelent: 1928
Sorozat:Polgári jog : a hazai és külföldi magánjog és hiteljog szemléje 4 No. 5-6
Kulcsszavak:Kötelmi jog jogi eset, Családjog gyermek- és asszonytartás
Online Access:http://misc.bibl.u-szeged.hu/4840
LEADER 00665nab a2200169 i 4500
001 misc4840
005 20191106142903.0
008 170607s1928 hu o 0|| hun d
040 |a SZTE Miscellanea Repozitórium  |b hun 
041 |a hun 
100 1 |a Szigeti László 
245 1 0 |a Ágyassági viszony - turpis causa  |h [elektronikus dokumentum] /  |c ifj. Szigeti László 
260 |c 1928 
300 |a 119-120a 
490 0 |a Polgári jog : a hazai és külföldi magánjog és hiteljog szemléje  |v 4 No. 5-6 
695 |a Kötelmi jog jogi eset, Családjog gyermek- és asszonytartás 
856 4 0 |u http://misc.bibl.u-szeged.hu/4840/1/polgari_jog_1928_119-120a.pdf  |z Dokumentum-elérés